00498 2200181 4500245009000000020001800090250001100108100002100119700002700140650001700167005001900184260004100203041001400244084001300258300002500271336000900296338001100305 aDoraemon Petualangan 11 b : Nobita dalam Dongeng 1001 MalamcFujio, Fujiko F.hText a979-637-872-8 aCet. 1 aFujio, Fujiko F. aRoberto Masami Prabowo aKomik Jepang a20230201071424 aJakartabElex Media Komputindoc1996 aIndonesia a741.5592 a188 hlm. :c... jil. atext avolume